| 000 | 00405nam a22001217a 4500 | ||
|---|---|---|---|
| 999 |
_c5398 _d5398 |
||
| 008 | 250910b ||||| |||| 00| 0 eng d | ||
| 020 | _a9781788956109 | ||
| 082 | _a823.92 CAR | ||
| 100 |
_aCARGILL,PERDITA _eAUTHOR _lENGLISH |
||
| 245 | _aDIARY OF AN ACCIDENTAL WITCH/MAGIC EVER AFTER | ||
| 260 |
_a1 CODA STUDIOS,189 MUNSTER ROAD,LONDON SW6 6AW _bAN IMPRINT OF LITTLE TIGER PRESS LIMITED _c2024 |
||
| 942 | _2ddc | ||